[Event "Dvorkovich Mem 2013"]
[Site "Taganrog RUS"]
[Date "2013.01.18"]
[Round "4.5"]
[White "Smirnov, P."]
[Black "Kurayan, R."]
[Result "1-0"]
[WhiteElo "2610"]
[BlackElo "2388"]
[PlyCount "97"]
[EventDate "2013.01.15"]

1. d4 Nf6 2. c4 g6 3. Nc3 Bg7 4. e4 d6 5. f3 O-O 6. Be3 Nc6 7. Nge2 a6 8. Qd2
Rb8 9. h4 b5 10. h5 e5 11. d5 Na5 12. Ng3 Nxc4 13. Bxc4 bxc4 14. O-O-O Nd7 15.
Rh2 Nc5 16. Bxc5 dxc5 17. Rdh1 Bf6 18. Qf2 Bg5+ 19. Kb1 h6 20. Nge2 Qd6 21.
hxg6 fxg6 22. Rxh6 Bxh6 23. Rxh6 Bd7 24. Qh4 Qf6 25. Qh2 Qg7 26. Nd1 Rb6 27.
Nec3 Rfb8 28. Kc1 Be8 29. Ne3 Rxb2 30. Ng4 Ba4 31. Nxa4 Rxa2 32. Nxc5 Ra1+ 33.
Kc2 Ra2+ 34. Kc3 Ra3+ 35. Kxc4 a5 36. Nd3 Rbb3 37. Qxe5 Rc3+ 38. Kb5 Rab3+ 39.
Ka6 Rb6+ 40. Ka7 Qxe5 41. Ndxe5 Kg7 42. Nd7 Rd6 43. Nb8 Rb6 44. e5 Rb4 45. Rh1
a4 46. Nc6 Rb5 47. Nf6 a3 48. Rh7+ Kf8 49. e6 1-0

[Event "73rd ch-ARM 2013"]
[Site "Yerevan ARM"]
[Date "2013.01.21"]
[Round "9.5"]
[White "Pashikian, A."]
[Black "Aghasaryan, R."]
[Result "1-0"]
[WhiteElo "2607"]
[BlackElo "2443"]
[PlyCount "69"]
[EventDate "2013.01.12"]

1. d4 d5 2. Nf3 c6 3. c4 Nf6 4. Nc3 dxc4 5. a4 Bf5 6. Ne5 Nbd7 7. Nxc4 Qc7 8.
g3 e5 9. dxe5 Nxe5 10. Bf4 Nfd7 11. Bg2 g5 12. Ne3 gxf4 13. Nxf5 O-O-O 14. Qc2
Kb8 15. O-O fxg3 16. hxg3 h5 17. e3 Ng6 18. Rab1 a5 19. Na2 Qb6 20. b4 axb4 21.
a5 Qxa5 22. Nd4 Rc8 23. Nxc6+ bxc6 24. Nxb4 Bxb4 25. Qe4 Rhe8 26. Rxb4+ Kc7 27.
Qd4 Re7 28. Ra1 Qe5 29. Qa7+ Kd8 30. Rd1 f5 31. Rb7 Qe6 32. Rb8 Qe5 33. Rxc8+
Kxc8 34. Qa6+ Kd8 35. Qa8+ 1-0